000
00281nam a22001337a 4500
008
181105b xxu||||| |||| 00| 0 eng d
020
_a
9780812098198
041
_a
eng
080
_a
510
100
_a
37
101
_a
MAT
245
_a
Calculus
_c
Gootman.e.c
942
_2
udc
_c
BK
999
_c
51846
_d
51846